Quản lý độ phì nhiêu đất và hiệu quả sử dụng phân bón ở Đồng bằng sông Cửu Long
Trình bày về đặc tính hoá lý và phì nhiêu đất các nhóm đất chính, quản lý chất dinh dưỡng trong canh tác cây trồng ở đồng bằng sông Cửu Long. Khuyến cáo bón phân và hiệu quả phân vô cơ trong canh tác cây trồng. Hiệu quả sử dụng phân hữu...
Wedi'i Gadw mewn:
| Fformat: | Llyfr |
|---|---|
| Iaith: | Undetermined |
| Cyhoeddwyd: |
Cần Thơ
Nxb. Đại học Cần Thơ
2016
|
| Pynciau: | |
| Tagiau: |
Ychwanegu Tag
Dim Tagiau, Byddwch y cyntaf i dagio'r cofnod hwn!
|
| Thư viện lưu trữ: | Trung tâm Học liệu Trường Đại học Cần Thơ |
|---|
| LEADER | 01414nam a2200229Ia 4500 | ||
|---|---|---|---|
| 001 | CTU_206631 | ||
| 008 | 210402s9999 xx 000 0 und d | ||
| 020 | |c 72000 | ||
| 082 | |a 631.8 | ||
| 082 | |b Qu105 | ||
| 245 | 0 | |a Quản lý độ phì nhiêu đất và hiệu quả sử dụng phân bón ở Đồng bằng sông Cửu Long | |
| 245 | 0 | |c Võ Thị Gương ... [et al.] | |
| 260 | |a Cần Thơ | ||
| 260 | |b Nxb. Đại học Cần Thơ | ||
| 260 | |c 2016 | ||
| 520 | |a Trình bày về đặc tính hoá lý và phì nhiêu đất các nhóm đất chính, quản lý chất dinh dưỡng trong canh tác cây trồng ở đồng bằng sông Cửu Long. Khuyến cáo bón phân và hiệu quả phân vô cơ trong canh tác cây trồng. Hiệu quả sử dụng phân hữu cơ trong cải thiện đặc tính và năng suất cây trồng ở đồng bằng sông Cửu Long. Cải thiện một số đặc tính và xây dựng mô hình canh tác hiệu quả trên đất nhiễm mặn và nhiễm phèn | ||
| 526 | |a Phân bón và khuyến cáo bón phân | ||
| 526 | |b XH713 | ||
| 650 | |a Soil fertility,Phì nhiêu đất | ||
| 904 | |i Tuyến | ||
| 910 | |a Nguyên | ||
| 980 | |a Trung tâm Học liệu Trường Đại học Cần Thơ | ||